000 00314nam a22001337a 4500
008 260116b ||||| |||| 00| 0 eng d
020 _a041965752160
041 _aeng
080 _a0001
100 _a20
101 _aart
245 _aREVIEW LATIN AMERIKAN LITERATURE AND ARTS
_cMIGUEL OVIEDO
942 _2lcc
_cBK
999 _c60752
_d60752